[Event "HUN-chT2 Maroczy 1819"]
[Site "Hungary"]
[Date "2018.11.18"]
[Round "4.8"]
[White "Vidakovics, Istvan"]
[Black "Felmery, Mate"]
[Result "0-1"]
[WhiteElo "2036"]
[BlackElo "2114"]
[PlyCount "94"]
[EventDate "2018.09.23"]
[EventType "team-tourn"]
[EventRounds "11"]
[EventCountry "HUN"]
[SourceTitle "EXT 2020"]
[Source "ChessBase"]
[SourceDate "2019.10.17"]
[SourceVersion "1"]
[SourceVersionDate "2019.10.17"]
[SourceQuality "1"]
[WhiteTeam "Szeged Maroczy II"]
[BlackTeam "Budapest Vasas"]
[WhiteTeamCountry "HUN"]
[BlackTeamCountry "HUN"]

1. d4 Nf6 2. Nf3 c5 3. e3 e6 4. Be2 b6 5. Ne5 Bb7 6. Bf3 Nc6 7. Nxc6 Bxc6 8. Bxc6 dxc6 9. 0-0 Qc7 10. Qf3 Rd8 11. c3 Be7 12. Nd2 0-0 13. Ne4 Nd7 14. Ng3 f5 15. e4 f4 16. Ne2 e5 17. Qg4 Rf6 18. dxe5 Nxe5 19. Bxf4 Nxg4 20. Bxc7 Rd2 21. Rae1 Rxb2 22. h3 Nh6 23. f4 Rf7 24. Be5 Bf6 25. Bxf6 gxf6 26. Nc1 Rd7 27. Rf3 Rdd2 28. Rg3+ Kf7 29. e5 Nf5 30. e6+ Ke7 31. Rg8 Rbc2 32. c4 Rd8 33. Rxd8 Kxd8 34. g4 Nd4 35. Rd1 Rxc1 36. Rxc1 Ne2+ 37. Kf2 Nxc1 38. Ke3 Ke7 39. f5 Nxa2 40. h4 Nb4 41. g5 Nc2+ 42. Kf4 Nd4 43. h5 Nxe6+ 44. fxe6 Kxe6 45. g6 hxg6 46. hxg6 Ke7 47. Kg4 Kf8 0-1

[Event "HUN-chT2 Toth 1718"]
[Site "Hungary"]
[Date "2017.12.03"]
[Round "5.5"]
[White "Vidakovics, Istvan"]
[Black "Demeter, Dorina"]
[Result "1/2-1/2"]
[WhiteElo "2030"]
[BlackElo "1999"]
[PlyCount "153"]
[EventDate "2017.09.24"]
[EventType "team-tourn"]
[EventRounds "11"]
[EventCountry "HUN"]
[SourceTitle "EXT 2021"]
[Source "ChessBase"]
[SourceDate "2020.10.23"]
[SourceVersion "1"]
[SourceVersionDate "2020.10.23"]
[SourceQuality "1"]
[WhiteTeam "Szeged Maroczy II"]
[BlackTeam "Mako Duocor II"]
[WhiteTeamCountry "HUN"]
[BlackTeamCountry "HUN"]

1. f4 d5 2. Nf3 c5 3. g3 Nf6 4. Bg2 g6 5. 0-0 Bg7 6. d3 0-0 7. Qe1 Nc6 8. e4 dxe4 9. dxe4 Nd4 10. Na3 Bg4 11. c3 Nxf3+ 12. Bxf3 Qd3 13. Bg2 e5 14. h3 Be6 15. Qe3 Rfd8 16. g4 exf4 17. Qxd3 Rxd3 18. Bxf4 Nd7 19. Rf3 Rxf3 20. Bxf3 Ne5 21. Be2 Rd8 22. Be3 b6 23. Kf1 Kf8 24. Ke1 Nd3+ 25. Bxd3 Rxd3 26. Ke2 Rd7 27. Bf4 Ke7 28. Ke3 a6 29. Nc2 b5 30. a3 Bc4 31. Ne1 b4 32. axb4 cxb4 33. e5 bxc3 34. bxc3 Ke6 35. Nf3 Rd3+ 36. Ke4 Rxc3 37. Nd4+ Kd7 38. Rd1 Kc8 39. Bd2 Rd3 40. Nf3 Rd7 41. Rc1 Rc7 42. Kd4 Be2 43. Rxc7+ Kxc7 44. Ng5 Bf1 45. Nxf7 Bxh3 46. Nd6 Kd7 47. g5 Ke6 48. Bf4 Bf8 49. Ke4 Bg2+ 50. Kd4 Be7 51. Kc5 a5 52. Kb5 Bd8 53. Kc5 a4 54. Bc1 a3 55. Bxa3 Bxg5 56. Kd4 Bf4 57. Nc4 Bd5 58. Bb4 Bxc4 59. Kxc4 Kxe5 60. Kd3 h5 61. Be7 g5 62. Bxg5 Bxg5 63. Ke2 Kf4 64. Kf2 h4 65. Kg2 Kg4 66. Kh2 Bf4+ 67. Kg2 Be5 68. Kg1 Kg3 69. Kh1 Bf4 70. Kg1 Kf3 71. Kh1 Be3 72. Kh2 Kf2 73. Kh1 Bg5 74. Kh2 Kf1 75. Kh1 Be3 76. Kh2 Kf2 77. Kh1 1/2-1/2

[Event "HUN-chT2 Toth 1718"]
[Site "Hungary"]
[Date "2017.11.26"]
[Round "4.8"]
[White "Vidakovics, Istvan"]
[Black "Farkas, Lorinc"]
[Result "1-0"]
[WhiteElo "2030"]
[BlackElo "1790"]
[PlyCount "105"]
[EventDate "2017.09.24"]
[EventType "team-tourn"]
[EventRounds "11"]
[EventCountry "HUN"]
[SourceTitle "EXT 2021"]
[Source "ChessBase"]
[SourceDate "2020.10.23"]
[SourceVersion "1"]
[SourceVersionDate "2020.10.23"]
[SourceQuality "1"]
[WhiteTeam "Szeged Maroczy II"]
[BlackTeam "Gyula"]
[WhiteTeamCountry "HUN"]
[BlackTeamCountry "HUN"]

1. Nf3 d6 2. d4 g6 3. e4 Bg7 4. Bc4 Nf6 5. Nc3 0-0 6. Qe2 c6 7. Bb3 b5 8. e5 dxe5 9. dxe5 Nd5 10. Nxd5 cxd5 11. Qxb5 e6 12. Bf4 Ba6 13. Qa4 Qd7 14. Qa5 Qb7 15. Qd2 Nd7 16. Bh6 Nc5 17. Bxg7 Kxg7 18. h4 Ne4 19. Qe3 h5 20. 0-0-0 Qb6 21. Nd4 Rac8 22. g4 Rh8 23. Rhg1 hxg4 24. Rxg4 Rh5 25. Qf4 Rf5 26. Nxf5+ exf5 27. Rg2 Bc4 28. Kb1 Bxb3 29. axb3 Qc6 30. f3 Nc5 31. Qxf5 Qe6 32. Qxe6 Nxe6 33. Rg4 d4 34. f4 Kh6 35. Rf1 Ng7 36. Rf3 Nf5 37. Rg2 a5 38. Rh2 Rh8 39. Rfh3 Ng7 40. Kc1 Nh5 41. Rf2 Ng7 42. Kd2 Nf5 43. Rfh2 Ng7 44. Rh1 Rd8 45. R3h2 Nh5 46. Rf1 Ng3 47. Rf3 Nf5 48. Kd3 Rb8 49. h5 Kg7 50. hxg6 fxg6 51. Rfh3 Rg8 52. Rh7+ Kf8 53. Ra7 1-0

[Event "HUN-chT2 Toth 1718"]
[Site "Hungary"]
[Date "2017.10.29"]
[Round "3.6"]
[White "Gyugyi, Peter"]
[Black "Vidakovics, Istvan"]
[Result "1/2-1/2"]
[WhiteElo "2010"]
[BlackElo "2030"]
[PlyCount "63"]
[EventDate "2017.09.24"]
[EventType "team-tourn"]
[EventRounds "11"]
[EventCountry "HUN"]
[SourceTitle "EXT 2021"]
[Source "ChessBase"]
[SourceDate "2020.10.23"]
[SourceVersion "1"]
[SourceVersionDate "2020.10.23"]
[SourceQuality "1"]
[WhiteTeam "Felegyhaza Csongrad"]
[BlackTeam "Szeged Maroczy II"]
[WhiteTeamCountry "HUN"]
[BlackTeamCountry "HUN"]

1. e4 c5 2. Nf3 d6 3. d4 cxd4 4. Nxd4 Nf6 5. Nc3 g6 6. Bc4 Bg7 7. 0-0 0-0 8. h3 Nc6 9. Re1 Bd7 10. Bg5 h6 11. Bh4 Nxd4 12. Qxd4 g5 13. Bg3 Nh5 14. Qe3 Nxg3 15. Qxg3 Be5 16. Qf3 Rc8 17. Bb3 Kg7 18. Rab1 Bc6 19. Nd5 f5 20. exf5 e6 21. Qh5 Be8 22. f6+ Rxf6 23. Nxf6 Bxh5 24. Nxh5+ Kh8 25. Rbd1 Qe8 26. Ng3 Qf7 27. Ne4 Rf8 28. Re2 Qf5 29. Rd3 Qf4 30. g3 Qc1+ 31. Kg2 d5 32. Nc5 1/2-1/2

[Event "HUN-chT Csongrad Region"]
[Site "Hungary"]
[Date "2016.04.10"]
[Round "8.4"]
[White "Vidakovics, Istvan"]
[Black "Filep, Miklos Jr"]
[Result "1-0"]
[WhiteElo "1966"]
[BlackElo "1743"]
[PlyCount "55"]
[EventDate "2015.09.20"]
[EventType "team-tourn"]
[EventRounds "9"]
[EventCountry "HUN"]
[SourceTitle "EXT 2017"]
[Source "ChessBase"]
[SourceDate "2016.10.25"]
[SourceVersion "1"]
[SourceVersionDate "2016.10.25"]
[SourceQuality "1"]

1. d4 f5 2. Nf3 Nf6 3. g3 e6 4. Bg2 d5 5. Nbd2 c5 6. c3 Nc6 7. 0-0 Bd6 8. Qa4 Bd7 9. Qb3 Qc7 10. a4 0-0 11. e3 c4 12. Qc2 a6 13. Ne1 b5 14. f3 Rae8 15. axb5 axb5 16. e4 f4 17. e5 Nxe5 18. dxe5 Bxe5 19. g4 d4 20. cxd4 Bxd4+ 21. Kh1 Nd5 22. Ne4 e5 23. Qd1 c3 24. Qb3 Kh8 25. bxc3 Nxc3 26. Nxc3 Bxc3 27. Bb2 Be6 28. Qxc3 1-0

[Event "HUN-chT2 Toth 1516"]
[Site "Hungary"]
[Date "2016.04.03"]
[Round "10.5"]
[White "Vidakovics, Istvan"]
[Black "Banki H, Istvan"]
[Result "1/2-1/2"]
[WhiteElo "1972"]
[BlackElo "2122"]
[PlyCount "44"]
[EventDate "2015.09.13"]
[EventType "team-tourn"]
[EventRounds "11"]
[EventCountry "HUN"]
[SourceTitle "EXT 2017"]
[Source "ChessBase"]
[SourceDate "2016.10.25"]
[SourceVersion "1"]
[SourceVersionDate "2016.10.25"]
[SourceQuality "1"]
[WhiteTeam "Maroczy II"]
[BlackTeam "Oroshaza"]
[WhiteTeamCountry "HUN"]
[BlackTeamCountry "HUN"]

1. d4 Nf6 2. Nf3 d6 3. c4 g6 4. Nc3 Bg7 5. e4 0-0 6. Bd3 Nbd7 7. Bg5 e5 8. d5 Nc5 9. Bc2 a5 10. Nd2 c6 11. f3 Bd7 12. Qe2 Qc7 13. g4 cxd5 14. cxd5 b5 15. Rc1 b4 16. Nd1 Rfb8 17. Nb3 Bb5 18. Qe3 Nfd7 19. Nf2 a4 20. Nxc5 Nxc5 21. Nd3 Bxd3 22. Bxd3 f6 1/2-1/2

[Event "HUN-chT2 Toth 1516"]
[Site "Hungary"]
[Date "2015.09.26"]
[Round "2.9"]
[White "Vidakovics, Istvan"]
[Black "Csibor, Andras"]
[Result "1-0"]
[WhiteElo "1972"]
[BlackElo "1840"]
[PlyCount "101"]
[EventDate "2015.09.13"]
[EventType "team-tourn"]
[EventRounds "11"]
[EventCountry "HUN"]
[SourceTitle "CBM 170 Extra"]
[Source "ChessBase"]
[SourceDate "2016.02.25"]
[SourceVersion "1"]
[SourceVersionDate "2016.02.25"]
[SourceQuality "1"]
[WhiteTeam "Maroczy II"]
[BlackTeam "Mako SVSE II"]
[WhiteTeamCountry "HUN"]
[BlackTeamCountry "HUN"]

1. e4 e6 2. d4 d5 3. Nc3 Nf6 4. Nge2 dxe4 5. a3 c5 6. Bg5 Be7 7. dxc5 Nbd7 8. b4 a5 9. g3 h6 10. Bd2 axb4 11. axb4 Rxa1 12. Qxa1 Ne5 13. Bg2 Nc4 14. Bc1 0-0 15. 0-0 b6 16. Rd1 Qe8 17. Qa2 b5 18. Nxe4 Nxe4 19. Bxe4 Bf6 20. Qa8 Be5 21. Qc6 Qxc6 22. Bxc6 Ba6 23. Bf4 Bf6 24. Rd7 e5 25. Be3 Bc8 26. Ra7 Bf5 27. Bxb5 Nxe3 28. fxe3 Bxc2 29. Bc4 Bf5 30. b5 Bh3 31. Bd5 Rc8 32. c6 Bd8 33. Rxf7 Kh8 34. Rf8+ Kh7 35. Kf2 Kg6 36. Be4+ Kh5 37. Ng1 Be6 38. h3 Bb6 39. g4+ Kh4 40. Rxc8 Bxc8 41. Kg2 Kg5 42. Nf3+ Kf6 43. Kf2 Be6 44. Bd3 g6 45. Nd2 g5 46. Bc4 Bc8 47. Bd5 h5 48. Nc4 Bd8 49. b6 hxg4 50. hxg4 Bxg4 51. c7 1-0